The intertestamental period : (Record no. 5175)
[ view plain ]
| 000 -LEADER | |
|---|---|
| fixed length control field | 00759nam a22002417a 4500 |
| 001 - CONTROL NUMBER | |
| control field | 20750 |
| 003 - CONTROL NUMBER IDENTIFIER | |
| control field | GBCCL |
| 005 - DATE AND TIME OF LATEST TRANSACTION | |
| control field | 20241126110535.0 |
| 008 - FIXED-LENGTH DATA ELEMENTS--GENERAL INFORMATION | |
| fixed length control field | 180301b ||||| |||| 00| 0 eng d |
| 020 ## - INTERNATIONAL STANDARD BOOK NUMBER | |
| International Standard Book Number | 8172144296 |
| 040 ## - CATALOGING SOURCE | |
| Original cataloging agency | DLC |
| Transcribing agency | DLC |
| 082 ## - DEWEY DECIMAL CLASSIFICATION NUMBER | |
| Classification number | 221.95 |
| Item number | HOL |
| 092 ## - LOCALLY ASSIGNED DEWEY CALL NUMBER (OCLC) | |
| Classification number | 225.951 |
| Item number | S961 |
| 100 1# - MAIN ENTRY--PERSONAL NAME | |
| Personal name | Holder, John |
| 9 (RLIN) | 9321 |
| 245 10 - TITLE STATEMENT | |
| Title | The intertestamental period : |
| Remainder of title | Old Testament introduction 4 |
| 260 ## - PUBLICATION, DISTRIBUTION, ETC. | |
| Place of publication, distribution, etc. | Delhi : |
| Name of publisher, distributor, etc. | ISPCK, |
| Date of publication, distribution, etc. | 2001 |
| 300 ## - PHYSICAL DESCRIPTION | |
| Extent | 149 p. ; |
| Dimensions | 24 cm. |
| 440 ## - SERIES STATEMENT/ADDED ENTRY--TITLE | |
| Title | ISPCK International study guide 31 |
| 9 (RLIN) | 12891 |
| 630 00 - SUBJECT ADDED ENTRY--UNIFORM TITLE | |
| Uniform title | Bible. |
| Name of part/section of a work | O.T. |
| -- | Apocrypha |
| General subdivision | Introductions. |
| 9 (RLIN) | 9323 |
| 650 #0 - SUBJECT ADDED ENTRY--TOPICAL TERM | |
| Topical term or geographic name entry element | Judaism |
| General subdivision | History |
| Chronological subdivision | Post-exilic period, 586 B.C.-210 A.D. |
| 9 (RLIN) | 114 |
| 650 #0 - SUBJECT ADDED ENTRY--TOPICAL TERM | |
| Topical term or geographic name entry element | Apocryphal books (Old Testament) |
| General subdivision | Introductions. |
| 9 (RLIN) | 9324 |
| 942 ## - ADDED ENTRY ELEMENTS (KOHA) | |
| Source of classification or shelving scheme | Dewey Decimal Classification |
| Koha item type | Books |
| Koha issues (borrowed), all copies | 26 |
| Withdrawn status | Lost status | Source of classification or shelving scheme | Damaged status | Not for loan | Home library | Current Library | Shelving location | Date acquired | Total checkouts | Full call number | Barcode | Date last seen | Date last checked out | Copy number | Price effective from | Koha item type | Total renewals |
|---|---|---|---|---|---|---|---|---|---|---|---|---|---|---|---|---|---|
| Dewey Decimal Classification | GRACE BIBLE COLLEGE | GRACE BIBLE COLLEGE | Biblical Studies | 2018-03-01 | 5 | 221.95 HOL | 010705 | 2025-05-01 | 2022-10-07 | c.1 | 2018-03-01 | Books | |||||
| Dewey Decimal Classification | GRACE BIBLE COLLEGE | GRACE BIBLE COLLEGE | Biblical Studies | 2018-03-01 | 1 | 221.95 HOL | 010706 | 2025-05-01 | 2018-08-13 | c.2 | 2018-03-01 | Books | |||||
| Dewey Decimal Classification | GRACE BIBLE COLLEGE | GRACE BIBLE COLLEGE | Biblical Studies | 2018-03-01 | 3 | 221.95 HOL | 010707 | 2025-05-01 | 2023-07-28 | c.3 | 2018-03-01 | Books | 1 | ||||
| Dewey Decimal Classification | GRACE BIBLE COLLEGE | GRACE BIBLE COLLEGE | Biblical Studies | 2018-03-01 | 2 | 221.95 HOL | 010708 | 2025-05-01 | 2019-10-15 | c.4 | 2018-03-01 | Books | |||||
| Dewey Decimal Classification | GRACE BIBLE COLLEGE | GRACE BIBLE COLLEGE | Biblical Studies | 2018-03-01 | 6 | 221.95 HOL | 010709 | 2025-10-03 | 2025-09-25 | c.5 | 2018-03-01 | Books | 1 | ||||
| Dewey Decimal Classification | GRACE BIBLE COLLEGE | GRACE BIBLE COLLEGE | Biblical Studies | 2018-03-01 | 3 | 221.95 HOL | 010710 | 2025-09-19 | 2025-09-17 | c.6 | 2018-03-01 | Books | |||||
| Dewey Decimal Classification | GRACE BIBLE COLLEGE | GRACE BIBLE COLLEGE | Biblical Studies | 2018-03-01 | 3 | 221.95 HOL | 010711 | 2025-05-01 | 2023-07-28 | c.7 | 2018-03-01 | Books | |||||
| Dewey Decimal Classification | GRACE BIBLE COLLEGE | GRACE BIBLE COLLEGE | Biblical Studies | 2018-03-01 | 221.95 HOL | 010712 | 2025-05-01 | c.8 | 2018-03-01 | Books | |||||||
| Dewey Decimal Classification | GRACE BIBLE COLLEGE | GRACE BIBLE COLLEGE | Biblical Studies | 2018-03-01 | 221.95 HOL | 010713 | 2025-05-01 | c.9 | 2018-03-01 | Books | |||||||
| Dewey Decimal Classification | GRACE BIBLE COLLEGE | GRACE BIBLE COLLEGE | Biblical Studies | 2018-03-01 | 4 | 221.95 HOL | 010714 | 2025-05-01 | 2019-10-25 | c.10 | 2018-03-01 | Books | |||||
| Dewey Decimal Classification | GRACE BIBLE COLLEGE | GRACE BIBLE COLLEGE | Biblical Studies | 2018-07-24 | 2 | 221.95 HOL | 013515 | 2025-05-01 | 2019-11-18 | c.11 | 2018-07-24 | Books |